World's busiest cruise ports - Statistics

General Stats
  • This quiz has been taken 607 times
  • The average score is 5 of 15
Answer Stats
Hint Answer % Correct
USA 4850000 Miami
95%
Spain 2364000 Barcelona
80%
Bahamas 3412000 Nassau
77%
Italy 1113000 Naples
60%
Italy 1733000 Venice
60%
France 1311000 Marseille
43%
UK 1529000 Southampton
33%
Mexico 2700000 Cozumel
27%
USA 4000000 Port Canaveral
15%
Greece 1055000 Piraeus
14%
France, Netherlands 2000000 Saint Martin
14%
Italy 2140000 Civitavecchia
12%
USA 4160000 Port Everglades
9%
Spain 1587000 Majorca
7%
USA 2083000 Virgin Islands
2%
No matching quizzes found
Score Distribution
Percent of People with Each Score
Percentile by Number Answered
Your Score History
You have not taken this quiz